Székely perem
Elmentve itt :
| Szerző: | |
|---|---|
| Adatforrás: | Meister |
| Forrásdokumentuma: | Korunk. - 4 sz., 1999, 16-25 p. |
| Nyelv: | magyar |
| Kulcsszavak: | helytörténet szociográfia székelyek Málnás |
| LEADER | 00384nab a2200157 i 4500 | ||
|---|---|---|---|
| 001 | bibPRO00003600 | ||
| 008 | 060524s1999 xx hun | ||
| 040 | |a Sz1 | ||
| 041 | |a hun | ||
| 100 | 1 | |a BALOGH Gábor | |
| 245 | 1 | 0 | |a Székely perem |c BALOGH Gábor |
| 695 | |a helytörténet | ||
| 695 | |a szociográfia | ||
| 695 | |a székelyek | ||
| 695 | |a Málnás | ||
| 773 | 0 | |t Korunk. - |g 4 sz., 1999, 16-25 p. | |